Fundamentos de la teoría de la evolución biológica
Gorde:
| Egile nagusia: | |
|---|---|
| Formatua: | Liburua |
| Hizkuntza: | gaztelania |
| Argitaratua: |
Santiago
Universitaria
1979
|
| Saila: | Fascículos para la comprensión de la ciencia, las humanidades y la tecnología, 14
|
| Gaiak: | |
| Etiketak: |
Etiketa erantsi
Etiketarik gabe, Izan zaitez lehena erregistro honi etiketa jartzen!
|
MARC
| LEADER | 00000nam a2200000 a 4500 | ||
|---|---|---|---|
| 001 | UCU1721 | ||
| 003 | CL-VaPUC | ||
| 008 | 960412e19790000CL |||||||||||||||||spa|d | ||
| 082 | 0 | 4 | |a 575 |b BRN |2 21 |
| 100 | 0 | |a Brncic, Danko |e author |9 357411 | |
| 245 | 1 | 0 | |a Fundamentos de la teoría de la evolución biológica |
| 300 | |a 90 p | ||
| 942 | |c BK | ||
| 945 | |d 19960412 00:00:00 |a mcarcey | ||
| 260 | |a Santiago |b Universitaria |c 1979 | ||
| 650 | 0 | |a Evolución |9 259442 | |
| 650 | 0 | |a Genética |9 259443 | |
| 650 | 0 | |a Herencia |9 256325 | |
| 650 | 7 | |a ESPECIES |2 CL-VaPUC |9 331928 | |
| 650 | 7 | |a ORIGEN DE LAS ESPECIES |2 CL-VaPUC |9 313641 | |
| 650 | 7 | |a SELECCION NATURAL |2 CL-VaPUC |9 261742 | |
| 583 | |a last modification |c 19960412 00:00:00 |k Rodrigo Vera | ||
| 490 | 0 | |a Fascículos para la comprensión de la ciencia, las humanidades y la tecnología, 14 | |
| 999 | |c 246242 |d 246240 | ||
| 952 | |0 0 |1 0 |4 0 |6 575_000000000000000_BRN_1979 |7 0 |8 A |9 261041 |a BIBCUR |b BIBCUR |d 2019-11-19 |i 3188108 |o 575 BRN 1979 |p 3188108 |r 2025-04-22 |w 2019-11-19 |y BK |k BCB | ||